Rest of Elements- Weaver Honors Chem - Statistics

General Stats
  • This quiz has been taken 61 times
  • The average score is 51 of 59
Answer Stats
Hint Answer % Correct
Au Gold
100%
Xe Xenon
100%
Al Aluminum
95%
Ar Argon
95%
C Carbon
95%
Cl Chlorine
95%
Co Cobalt
95%
Cu Copper
95%
F Fluorine
95%
He Helium
95%
H Hydrogen
95%
I Iodine
95%
Fe Iron
95%
Kr Krypton
95%
Li Lithium
95%
Mg Magnesium
95%
Ne Neon
95%
Ni Nickel
95%
N Nitrogen
95%
O Oxygen
95%
K Potassium
95%
Si Silicon
95%
Na Sodium
95%
Ti Titanium
95%
As Arsenic
90%
Be Beryllium
90%
B Boron
90%
Br Bromine
90%
Ca Calcium
90%
Cr Chromium
90%
Ga Gallium
90%
Mn Manganese
90%
Hg Mercury
90%
P Phosphorus
90%
S Sulfur
90%
Sn Tin
90%
Zn Zinc
90%
Ba Barium
86%
Cs Cesium
86%
Ge Germanium
86%
Pb Lead
86%
Ag Silver
86%
Sr Strontium
86%
V Vanadium
86%
Rb Rubidium
81%
Sc Scandium
81%
Se Selenium
81%
Cd Cadmium
76%
Fr Francium
76%
Bi Bismuth
71%
Pt Platinum
71%
Po Polonium
71%
Ra Radium
71%
Sb Antimony
67%
In Indium
67%
Rn Radon
67%
Te Tellurium
67%
At Astatine
57%
Tl Thallium
57%
No matching quizzes found
Score Distribution
Percent of People with Each Score
Percentile by Number Answered
Your Score History
You have not taken this quiz